| 000 | 01374cam a2200289Ia 4500 | ||
|---|---|---|---|
| 003 | data | ||
| 005 | 20260322212058.0 | ||
| 008 | data | ||
| 020 |
_a1413306934 (pbk.) : _c{dollar}39.99 |
||
| 020 |
_a9781413306934 (pbk.) : _c{dollar}39.99 |
||
| 040 |
_aYEQ _cYEQ _dBAKER _dRCJ _dBAKER |
||
| 043 | _an-us--- | ||
| 050 | 4 |
_aKF240 _b.E35 2007 |
|
| 092 | _a340.07 E35 2007 | ||
| 245 | 0 | 0 |
_aLegal research : _bhow to find & understand the law / _cedited by Stephen Elias, Susan Levinkind & Richard Stim. |
| 246 | 3 | 0 |
_aLegal research : _bhow to find and understand the law |
| 250 | _a14th ed. | ||
| 260 |
_aBerkeley, CA : _bNolo, _c2007. |
||
| 300 |
_a322 p. : _bill. ; _c28 cm. |
||
| 500 | _aIncludes index. | ||
| 505 | 0 | _aQuick legal research tips -- An overview of legal research -- An overview of the law -- Putting your questions into legal categories -- Getting some background information -- Constitutions, statutes, regulations and ordinances -- Understanding case law -- How cases are published -- Finding cases -- Shepard's, digests and the Internet: expand and update your research -- How to write a legal memorandum -- The legal research method : examples -- Appendix: Glossary of legal terms. | |
| 650 | 0 |
_aLegal research _zUnited States _vPopular works. |
|
| 700 | 1 | _aElias, Stephen. | |
| 700 | 1 |
_aLevinkind, Susan, _d1942- |
|
| 700 | 1 | _aStim, Richard. | |
| 001 | data | ||
| 999 |
_c1388 _d1388 |
||